[Event "I Festival"]
[Site "Locri ITA"]
[Date "2007.11.03"]
[Round "4"]
[White "Aleksic, Nenad"]
[Black "Napoli, Nicolo'"]
[Result "1/2-1/2"]
[WhiteElo "2368"]
[BlackElo "2278"]
[PlyCount "20"]
[EventDate "2007.11.01"]

1. e4 c6 2. d3 d5 3. Nd2 Nf6 4. Ngf3 h6 5. g3 Bg4 6. h3 Bh5 7. Bg2 e6 8. O-O
Nbd7 9. Qe2 Qc7 10. c3 O-O-O 1/2-1/2

[Event "I Festival"]
[Site "Locri ITA"]
[Date "2007.11.03"]
[Round "4"]
[White "Alvaro, Francesco"]
[Black "Mercuri, Delia"]
[Result "1-0"]
[WhiteElo "1449"]
[BlackElo "1463"]
[PlyCount "75"]
[EventDate "2007.11.01"]

1. e4 e5 2. Nf3 Nf6 3. Nc3 Bb4 4. a3 Bxc3 5. dxc3 d6 6. Bd3 O-O 7. Bg5 Bg4 8.
h3 Bh5 9. Qe2 Nbd7 10. g4 Bg6 11. h4 h6 12. Bxf6 Nxf6 13. g5 Nh5 14. O-O-O Nf4
15. Qd2 h5 16. Rdg1 Qe7 17. Ne1 Qe6 18. c4 Rad8 19. Ng2 Nh3 20. Rf1 c6 21. f4
exf4 22. Rf3 d5 23. cxd5 cxd5 24. exd5 Rxd5 25. Rhxh3 Re5 26. Rh1 Qa2 27. Kd1
Qxb2 28. Nxf4 Rfe8 29. Rff1 Qa1+ 30. Qc1 Qd4 31. Nxg6 Qg4+ 32. Kd2 Qg2+ 33. Kd1
Qg4+ 34. Kd2 Qg2+ 35. Kc3 Rc8+ 36. Kb2 fxg6 37. Re1 Rxe1 38. Rxe1 1-0

[Event "I Festival"]
[Site "Locri ITA"]
[Date "2007.11.03"]
[Round "4"]
[White "Blasco, Domenico"]
[Black "Ljubisavljevic, Zivojin Z."]
[Result "0-1"]
[WhiteElo "1969"]
[BlackElo "2319"]
[PlyCount "70"]
[EventDate "2007.11.01"]

1. d4 d5 2. Nf3 c6 3. e3 f5 4. c4 e6 5. Nc3 Nf6 6. Bd3 Bd6 7. Qc2 Ne4 8. O-O
O-O 9. b3 Nd7 10. Bb2 Qf6 11. Ne2 g5 12. Nd2 Qh6 13. Nf3 Qg7 14. Ng3 g4 15. Nd2
Ndf6 16. a4 h5 17. Ba3 Bxa3 18. Rxa3 h4 19. Ne2 Nh5 20. Nf4 Nxf4 21. exf4 Qxd4
22. Bxe4 fxe4 23. b4 Rxf4 24. g3 hxg3 25. Rxg3 Bd7 26. Nb3 Qg7 27. Nc5 Raf8 28.
Nxb7 d4 29. Nc5 e5 30. Nxd7 Qxd7 31. Qd1 R8f7 32. c5 e3 33. b5 exf2+ 34. Rxf2
Rxf2 35. Rxg4+ Kf8 0-1

[Event "I Festival"]
[Site "Locri ITA"]
[Date "2007.11.03"]
[Round "4"]
[White "Carabetta, Alfredo"]
[Black "Zampaglione, Francesco"]
[Result "1-0"]
[WhiteElo "1503"]
[BlackElo "1419"]
[PlyCount "120"]
[EventDate "2007.11.01"]

1. d4 d5 2. c4 Nf6 3. Nc3 c6 4. Bf4 Bf5 5. e3 e6 6. a3 b6 7. f3 c5 8. Bd3 Bxd3
9. Qxd3 cxd4 10. Qxd4 Bc5 11. Qd3 O-O 12. O-O-O Bd6 13. Bxd6 Qxd6 14. Kb1 Rd8
15. e4 Nc6 16. exd5 Ne5 17. Qd2 Nxc4 18. Qd4 Ne5 19. Nge2 Nxd5 20. Nxd5 Qxd5
21. Qxd5 Rxd5 22. Rxd5 exd5 23. Rd1 Rd8 24. Nc3 d4 25. Nb5 Nc6 26. Kc2 Rd7 27.
Kb3 a6 28. Nc3 Re7 29. Nd5 Rd7 30. Kc4 f6 31. Nxb6 Re7 32. Rd2 Kf7 33. Kc5 Re6
34. Nd5 Na5 35. Kb4 Nc6+ 36. Ka4 Rd6 37. Nb4 Nxb4 38. Kxb4 Ke6 39. f4 Kd5 40.
Kb3 Ke4 41. Kc2 d3+ 42. Kd1 Kxf4 43. Rf2+ Ke3 44. Rf3+ Ke4 45. Kd2 Rb6 46. Re3+
Kf4 47. b4 Rd6 48. Rxd3 Rxd3+ 49. Kxd3 Ke5 50. a4 Kd6 51. Kd4 Kc6 52. b5+ axb5
53. axb5+ Kxb5 54. Kd5 g6 55. Ke6 f5 56. Kf6 Kc5 57. Kg7 g5 58. Kxh7 Kd4 59.
Kg6 f4 60. Kxg5 Ke3 1-0

[Event "I Festival"]
[Site "Locri ITA"]
[Date "2007.11.03"]
[Round "4"]
[White "Cordi', Domenico"]
[Black "Djuric, Stefan"]
[Result "0-1"]
[WhiteElo "2055"]
[BlackElo "2463"]
[PlyCount "96"]
[EventDate "2007.11.01"]

1. d4 c5 2. d5 Nf6 3. c4 g6 4. Nc3 d6 5. e4 Bg7 6. Be2 O-O 7. h3 a6 8. Bd2 e6
9. Nf3 exd5 10. exd5 Bf5 11. O-O Re8 12. Re1 Ne4 13. Nxe4 Bxe4 14. Qc1 Nd7 15.
Bc3 Bxf3 16. Bxf3 Rxe1+ 17. Qxe1 Ne5 18. Bxe5 Bxe5 19. Qe2 Qf6 20. Rb1 h5 21.
b3 Re8 22. Qd3 h4 23. Qd2 Bc3 24. Qd3 Bd4 25. Qd2 Qe5 26. Rf1 Kg7 27. Kh1 b5
28. Kg1 b4 29. Rd1 a5 30. Rf1 Re7 31. Kh1 Bc3 32. Qc1 Be1 33. Kg1 Kh7 34. Kh1
Kg8 35. Kg1 Kg7 36. Kh1 Qc3 37. Qd1 Bxf2 38. Qa1 Be1 39. Qd1 Qe5 40. Bg4 f5 41.
Bf3 Qg3 42. Be2 Bc3 43. Rf3 Qe5 44. Bd3 Qd4 45. Rf1 Re3 46. Be2 Qe5 47. Rf2 Qe4
48. Bf3 Re1+ 0-1

[Event "I Festival"]
[Site "Locri ITA"]
[Date "2007.11.03"]
[Round "4"]
[White "Forlano, Luigi"]
[Black "Gangemi, Salvatore"]
[Result "1/2-1/2"]
[WhiteElo "1994"]
[BlackElo "2066"]
[PlyCount "82"]
[EventDate "2007.11.01"]

1. d4 Nf6 2. Bg5 Ne4 3. Bf4 d5 4. f3 Nf6 5. e4 dxe4 6. Nc3 e6 7. fxe4 Bb4 8.
Bd3 b6 9. Nf3 Ba6 10. Bxa6 Nxa6 11. Qd3 Bxc3+ 12. bxc3 Nb8 13. O-O h6 14. e5
Nd5 15. Bc1 O-O 16. Nd2 Nd7 17. Ba3 c5 18. Ne4 f5 19. exf6 N5xf6 20. dxc5 Nxe4
21. Qxe4 Nxc5 22. Bxc5 bxc5 23. Rxf8+ Qxf8 24. Qxe6+ Kh8 25. Re1 Qd8 26. h3 Qb6
27. Qc4 Rd8 28. Re5 Rd1+ 29. Kh2 Qg6 30. Qxc5 Rd2 31. Qc8+ Kh7 32. Qg4 Qxg4 33.
hxg4 Rxc2 34. Ra5 Rxc3 35. Rxa7 Kg6 36. a4 Ra3 37. a5 h5 38. gxh5+ Kxh5 39. a6
g5 40. Ra8 Kg4 41. a7 Ra2 1/2-1/2

[Event "I Festival"]
[Site "Locri ITA"]
[Date "2007.11.03"]
[Round "4"]
[White "Krivodedov, Victor"]
[Black "Arcidiaco, Francesco"]
[Result "1-0"]
[WhiteElo "2143"]
[BlackElo "1542"]
[PlyCount "128"]
[EventDate "2007.11.01"]

1. e4 c5 2. Nf3 d6 3. Bb5+ Bd7 4. Bd3 Nc6 5. O-O a6 6. Re1 Bg4 7. Be2 e6 8. c3
Rc8 9. d3 Be7 10. Nbd2 Nf6 11. Nf1 Bxf3 12. Bxf3 e5 13. Ng3 b5 14. Nf5 Bf8 15.
Bg5 g6 16. Nh6 Be7 17. Be3 Nd7 18. Qd2 a5 19. Bg4 Rb8 20. Rf1 Bf8 21. Rae1 Bxh6
22. Bxh6 Qh4 23. Bh3 Rg8 24. Bg5 Qh5 25. f3 h6 26. Be3 g5 27. Bf5 f6 28. d4 c4
29. dxe5 Ncxe5 30. Qxd6 Qf7 31. f4 gxf4 32. Bxf4 Rb6 33. Qd4 Rb7 34. Rd1 Nd3
35. Rd2 Nxf4 36. Rxf4 Qe7 37. Qd5 Qc5+ 38. Rd4 Qxd5 39. exd5 Ne5 40. Kf2 Rbg7
41. g3 h5 42. Kg2 Ng4 43. Rde4+ Kd8 44. Be6 Re8 45. h3 Ne5 46. Rxf6 Nd3 47. Re2
Nc5 48. Rh6 Nd3 49. Kh2 b4 50. Rxh5 bxc3 51. bxc3 Nc5 52. Rh4 Kc7 53. Rxc4 Kd6
54. g4 Rf8 55. Kg3 Rh8 56. h4 Rgh7 57. h5 Re8 58. Kh4 Nxe6 59. Rxe6+ Rxe6 60.
dxe6 Kxe6 61. g5 Kd5 62. Rd4+ Ke5 63. g6 Rc7 64. Rd3 Rc4+ 1-0

[Event "I Festival"]
[Site "Locri ITA"]
[Date "2007.11.03"]
[Round "4"]
[White "Laketic, Gojko"]
[Black "Piankov, Evgenij"]
[Result "0-1"]
[WhiteElo "2433"]
[BlackElo "2346"]
[PlyCount "64"]
[EventDate "2007.11.01"]

1. Nf3 d5 2. b3 Nf6 3. Bb2 Bg4 4. g3 Bxf3 5. exf3 Nbd7 6. Nc3 c6 7. h4 e5 8.
Qe2 Bd6 9. d4 O-O 10. O-O-O exd4 11. Rxd4 Re8 12. Qd1 Be5 13. Rd3 Nc5 14. Re3
d4 15. Rxe5 Rxe5 16. Ne2 Re8 17. Nxd4 Ne6 18. Bd3 Nxd4 19. Bxd4 Qa5 20. Bxf6
gxf6 21. Kb1 Kg7 22. f4 Rad8 23. Kb2 Kh8 24. Kb1 Qc3 25. Qf3 a5 26. a4 b5 27.
axb5 cxb5 28. Ka2 a4 29. b4 a3 30. Rb1 Re1 31. Qh5 Rxd3 32. Qxf7 Qxc2+ 0-1

[Event "I Festival"]
[Site "Locri ITA"]
[Date "2007.11.03"]
[Round "4"]
[White "Naumkin, Igor"]
[Black "Bentivegna, Francesco"]
[Result "1/2-1/2"]
[WhiteElo "2486"]
[BlackElo "2330"]
[PlyCount "37"]
[EventDate "2007.11.01"]

1. d4 d5 2. c4 e6 3. Nf3 Nf6 4. Bg5 Bb4+ 5. Nc3 O-O 6. e3 c5 7. cxd5 exd5 8.
Qc2 h6 9. Bh4 Be6 10. a3 Bxc3+ 11. bxc3 Nbd7 12. Bd3 Qa5 13. O-O c4 14. Be2 Ne4
15. Rfc1 Nb6 16. a4 Bf5 17. Be7 Ng3 18. Qd2 Nxe2+ 19. Qxe2 1/2-1/2

[Event "I Festival"]
[Site "Locri ITA"]
[Date "2007.11.03"]
[Round "4"]
[White "Spataro, Enrico"]
[Black "Martorelli, Antonio"]
[Result "0-1"]
[WhiteElo "1799"]
[BlackElo "2233"]
[PlyCount "40"]
[EventDate "2007.11.01"]

1. e4 c5 2. Nf3 e6 3. d4 cxd4 4. Nxd4 a6 5. Nc3 Qc7 6. Bd3 Nc6 7. Nxc6 dxc6 8.
O-O e5 9. Kh1 Nf6 10. f4 Bc5 11. Qf3 h5 12. fxe5 Ng4 13. Bf4 Be6 14. Nd5 Qd8
15. Bc4 cxd5 16. exd5 Bf5 17. e6 fxe6 18. dxe6 Qd4 19. Be3 Nxe3 20. Qxb7 O-O
0-1

[Event "I Festival"]
[Site "Locri ITA"]
[Date "2007.11.03"]
[Round "4"]
[White "Valotta, Massimiliano"]
[Black "Dragojlovic, Andjelko"]
[Result "0-1"]
[WhiteElo "1908"]
[BlackElo "2409"]
[PlyCount "40"]
[EventDate "2007.11.01"]

1. d4 g6 2. c4 Nf6 3. Nc3 d5 4. h3 Bg7 5. Nf3 O-O 6. Bf4 c5 7. e3 cxd4 8. Nxd4
Nc6 9. Ndb5 e5 10. Bg5 d4 11. Nd5 Qa5+ 12. b4 Nxb4 13. Nxf6+ Bxf6 14. Bxf6 Nd5+
15. Qd2 Qxd2+ 16. Kxd2 dxe3+ 17. fxe3 Nxf6 18. Bd3 Rd8 19. Ke2 Be6 20. Rhd1 e4
0-1

[Event "I Festival"]
[Site "Locri ITA"]
[Date "2007.11.03"]
[Round "4"]
[White "Zampaglione, Davide"]
[Black "Romeo, Caterina"]
[Result "1-0"]
[WhiteElo "1491"]
[BlackElo "1503"]
[PlyCount "165"]
[EventDate "2007.11.01"]

1. e4 e5 2. Nf3 Nc6 3. Bb5 Nge7 4. O-O g6 5. d4 Bg7 6. Be3 O-O 7. d5 Nb8 8. Nc3
d6 9. Qd2 a6 10. Ba4 Bg4 11. Qe2 b5 12. Bb3 h6 13. h3 Bxf3 14. Qxf3 Kh7 15. a3
Nd7 16. Rfe1 f5 17. Bd2 Nc5 18. Kh1 Nxb3 19. cxb3 f4 20. a4 b4 21. Na2 a5 22.
Nc1 Ng8 23. Ne2 Nf6 24. Qd3 Qd7 25. Ng1 c6 26. dxc6 Qxc6 27. Qc4 Qb6 28. f3
Rfc8 29. Qd3 Rc7 30. Rac1 Raa7 31. Rxc7 Rxc7 32. Rc1 Rc5 33. Ne2 h5 34. Rxc5
Qxc5 35. Be1 g5 36. g3 Kh6 37. g4 h4 38. Kg2 d5 39. exd5 Qxd5 40. Qxd5 Nxd5 41.
Bf2 Ne3+ 42. Kg1 Nd1 43. Bb6 Nxb2 44. Bxa5 Bf8 45. Nc1 Bd6 46. Bb6 Nd1 47. a5
Bb8 48. a6 Nc3 49. a7 Bxa7 50. Bxa7 Nb5 51. Bc5 Kg6 52. Bxb4 Nd4 53. Kf2 Kf7
54. Bc5 Nb5 55. Nd3 Ke6 56. b4 Kd5 57. Be7 e4 58. fxe4+ Kxe4 59. Nc5+ Kd4 60.
Bxg5 Ke5 61. Bxh4 Nc3 62. g5 Kf5 63. Kf3 Nd5 64. b5 Nb6 65. Ke2 Nd5 66. Na4 Ne7
67. b6 Nc6 68. b7 Kg6 69. Kf3 Kf5 70. Nc5 Nd4+ 71. Kf2 Nc6 72. Ke2 Nd4+ 73. Kf2
Nc6 74. Nd7 Kg6 75. b8=Q Nxb8 76. Nxb8 Kh5 77. Kf3 Kxh4 78. g6 Kxh3 79. g7 Kh4
80. g8=Q Kh5 81. Kxf4 Kh6 82. Kf5 Kh5 83. Qg5# 1-0

[Event "I Festival"]
[Site "Locri ITA"]
[Date "2007.11.03"]
[Round "5"]
[White "Arcidiaco, Francesco"]
[Black "Familari, Giuseppe"]
[Result "1-0"]
[WhiteElo "1542"]
[BlackElo "1801"]
[PlyCount "87"]
[EventDate "2007.11.01"]

1. Nf3 d6 2. d4 g6 3. g3 Bg7 4. c3 b6 5. Bg2 Bb7 6. O-O e6 7. Bg5 Ne7 8. Qd2 h6
9. Bf4 g5 10. Be3 Nd7 11. a4 a6 12. Na3 Nf6 13. Qc2 O-O 14. c4 c5 15. dxc5 bxc5
16. Rfd1 Qc7 17. Nb1 Nc6 18. Bd2 Rab8 19. Bc3 Ba8 20. Nbd2 Nb4 21. Bxb4 Rxb4
22. Ra2 Rfb8 23. b3 Nd7 24. Qd3 g4 25. Ne1 Bxg2 26. Nxg2 Ne5 27. Qc2 Nc6 28.
Qe4 Nd4 29. Qxg4 f5 30. Qh5 Nxb3 31. Nf4 Qe7 32. Qg6 Re8 33. Nxb3 Rxb3 34. Rad2
Rb6 35. Rxd6 Reb8 36. Rxe6 Qb7 37. Qxf5 Rb4 38. Nh5 Rf8 39. Qxc5 Qf7 40. Nxg7
Kxg7 41. Re7 Rb7 42. Rxf7+ Rbxf7 43. Qe5+ Kh7 44. f4 1-0

[Event "I Festival"]
[Site "Locri ITA"]
[Date "2007.11.03"]
[Round "5"]
[White "Battaglia, Domenica"]
[Black "Carabetta, Alfredo"]
[Result "0-1"]
[WhiteElo "1371"]
[BlackElo "1503"]
[PlyCount "96"]
[EventDate "2007.11.01"]

1. e4 c6 2. Nf3 d5 3. exd5 Qxd5 4. Nc3 Qe6+ 5. Be2 Bd7 6. Ng5 Qg6 7. d4 Nf6 8.
Bd3 Bf5 9. Ne2 Bxd3 10. Qxd3 Qxd3 11. cxd3 h6 12. Nf3 Nbd7 13. O-O O-O-O 14.
Be3 a6 15. Rac1 e6 16. a4 Bd6 17. g3 Nd5 18. Bd2 g5 19. Ba5 Bc7 20. Bxc7 Kxc7
21. Nc3 Nxc3 22. Rxc3 Nb6 23. a5 Na4 24. Rb3 g4 25. Ne5 Rxd4 26. Nxf7 Rh7 27.
Ne5 h5 28. f3 Rd5 29. Ng6 Rxa5 30. d4 Rb5 31. Rxb5 axb5 32. b3 Nc3 33. Kg2 Ne2
34. Rd1 Rd7 35. fxg4 hxg4 36. Ne5 Rxd4 37. Rxd4 Nxd4 38. Nxg4 Nxb3 39. h4 Nc5
40. h5 Nd7 41. h6 Nf8 42. Nf6 b4 43. g4 b3 44. Ne4 b5 45. Nc5 b2 46. Nxe6+ Nxe6
47. h7 Nf4+ 48. Kg3 Ng6 0-1

[Event "I Festival"]
[Site "Locri ITA"]
[Date "2007.11.03"]
[Round "5"]
[White "Djuric, Stefan"]
[Black "Laketic, Gojko"]
[Result "1/2-1/2"]
[WhiteElo "2463"]
[BlackElo "2433"]
[PlyCount "53"]
[EventDate "2007.11.01"]

1. e4 Nf6 2. e5 Nd5 3. d4 d6 4. Nf3 g6 5. Bc4 Nb6 6. Bb3 Bg7 7. exd6 cxd6 8.
O-O O-O 9. c3 e5 10. dxe5 dxe5 11. Qxd8 Rxd8 12. Ng5 Rd7 13. Be3 h6 14. Ne4 Nc6
15. Bc5 Rd8 16. Na3 Bf8 17. Bxf8 Kxf8 18. f4 exf4 19. Rxf4 Nd5 20. Rf2 Bf5 21.
Ng3 Be6 22. Nb5 a6 23. Bxd5 Bxd5 24. Nc7 Rac8 25. Nxd5 Rxd5 26. Raf1 Ne5 27.
Ne2 1/2-1/2

[Event "I Festival"]
[Site "Locri ITA"]
[Date "2007.11.03"]
[Round "5"]
[White "Dragojlovic, Andjelko"]
[Black "Naumkin, Igor"]
[Result "0-1"]
[WhiteElo "2409"]
[BlackElo "2486"]
[PlyCount "53"]
[EventDate "2007.11.01"]

1. e4 e5 2. Nf3 Nc6 3. d4 exd4 4. Nxd4 Bc5 5. Nxc6 Qf6 6. Qf3 Qxf3 7. gxf3 bxc6
8. Nc3 Ne7 9. Na4 Bd4 10. c3 Bf6 11. Nc5 d6 12. Na6 Bxa6 13. Bxa6 Rb8 14. Kd1
Ng6 15. f4 Bh4 16. f3 f5 17. Kc2 O-O 18. Rf1 Kh8 19. b4 Rbe8 20. exf5 Rxf5 21.
Bd3 Rf6 22. Bxg6 Rxg6 23. Kd3 Rg2 24. Be3 Rxh2 25. Rh1 Rxh1 26. Rxh1 Bf6 27.
Bxa7 0-1

[Event "I Festival"]
[Site "Locri ITA"]
[Date "2007.11.03"]
[Round "5"]
[White "Gangemi, Salvatore"]
[Black "Krivodedov, Victor"]
[Result "1-0"]
[WhiteElo "2066"]
[BlackElo "2143"]
[PlyCount "96"]
[EventDate "2007.11.01"]

1. c4 Nf6 2. Nf3 c5 3. g3 d5 4. cxd5 Nxd5 5. Bg2 Nc6 6. O-O e5 7. d3 Be7 8. Qb3
Nc7 9. e3 O-O 10. Na3 Kh8 11. Nc4 Bf6 12. Bd2 b6 13. Bc3 Re8 14. Rad1 Bg4 15.
h3 Be6 16. Qc2 Bd5 17. b3 Qd7 18. d4 cxd4 19. exd4 e4 20. Nfe5 Qf5 21. Nd6 Qe6
22. Nxe8 Rxe8 23. Bxe4 Ne7 24. Bxd5 Ncxd5 25. Bd2 Qxh3 26. Qe4 Qe6 27. Rfe1 Kg8
28. Ng4 Qd7 29. Nxf6+ Nxf6 30. Qf3 Nfd5 31. Bg5 f6 32. Bf4 Rd8 33. Bc1 g6 34.
Ba3 Nc6 35. Bb2 Ncb4 36. a3 Nc6 37. Qe4 Kf7 38. Re2 f5 39. Qf3 Kg7 40. b4 b5
41. Bc1 h6 42. Kg2 a6 43. Bf4 Nce7 44. Be5+ Kh7 45. Rh1 Ng8 46. Rc2 Nge7 47.
Rhc1 Qe6 48. Rc5 48... Rd7 {...} 1-0

[Event "I Festival"]
[Site "Locri ITA"]
[Date "2007.11.03"]
[Round "5"]
[White "Ljubisavljevic, Zivojin Z."]
[Black "Forlano, Luigi"]
[Result "1-0"]
[WhiteElo "2319"]
[BlackElo "1994"]
[PlyCount "107"]
[EventDate "2007.11.01"]

1. e4 c6 2. d4 d5 3. Nc3 dxe4 4. Nxe4 Bf5 5. Ng3 Bg6 6. f4 e6 7. Nf3 Nf6 8. Bc4
Be7 9. O-O O-O 10. Ne5 c5 11. c3 cxd4 12. f5 exf5 13. cxd4 Nc6 14. Nxc6 bxc6
15. Nxf5 Bxf5 16. Rxf5 Qd7 17. Rf4 Rad8 18. Qf3 Nd5 19. Bxd5 Qxd5 20. Qxd5 Rxd5
21. Re4 Bf6 22. Be3 Rfd8 23. Rc1 R5d6 24. Rc4 Kf8 25. Ra4 R8d7 26. b3 Re6 27.
Rxe6 fxe6 28. Kf2 Ke7 29. Kf3 Rb7 30. Ke4 Kd7 31. Bf4 Bd8 32. Be5 g6 33. g4 Be7
34. Rc4 Rb4 35. Rc3 c5 36. Rh3 cxd4 37. Rxh7 Ke8 38. Kd3 Bc5 39. Rg7 a5 40.
Rxg6 Kd7 41. h4 a4 42. Kc2 axb3+ 43. axb3 Bd6 44. Bxd6 Kxd6 45. h5 Kd5 46. h6
Rb8 47. h7 Rh8 48. Rg7 Ke4 49. Kd2 Ra8 50. Rg8 Ra2+ 51. Kc1 Rh2 52. h8=Q Rxh8
53. Rxh8 Kf4 54. Kd2 1-0

[Event "I Festival"]
[Site "Locri ITA"]
[Date "2007.11.03"]
[Round "5"]
[White "Martorelli, Antonio"]
[Black "Cordi', Domenico"]
[Result "1-0"]
[WhiteElo "2233"]
[BlackElo "2055"]
[PlyCount "89"]
[EventDate "2007.11.01"]

1. e4 c5 2. Nf3 d6 3. d4 cxd4 4. Nxd4 Nf6 5. Nc3 a6 6. f4 Nc6 7. Be3 g6 8. Nxc6
bxc6 9. e5 Ng4 10. Bg1 Bg7 11. Be2 Nh6 12. exd6 Qxd6 13. Qxd6 exd6 14. O-O-O d5
15. Bc5 Bxc3 16. bxc3 f5 17. c4 Be6 18. Bf3 Rd8 19. Rhe1 Kf7 20. Rxe6 Kxe6 21.
Re1+ Kf7 22. Re7+ Kf6 23. Rc7 Rc8 24. Bd4+ Ke6 25. Rxc6+ Kd7 26. cxd5 Rhe8 27.
Rxa6 Nf7 28. Ra7+ Rc7 29. Rxc7+ Kxc7 30. c4 Nd6 31. c5 Ne4 32. Kc2 Ra8 33. Bxe4
fxe4 34. Kb3 Rb8+ 35. Kc4 Ra8 36. Be5+ Kc8 37. c6 e3 38. Kd3 Ra3+ 39. Ke2 Rxa2+
40. Kxe3 Rc2 41. g4 Kd8 42. f5 Rc5 43. Kd4 Rc1 44. Bf4 Rc2 45. f6 1-0

[Event "I Festival"]
[Site "Locri ITA"]
[Date "2007.11.03"]
[Round "5"]
[White "Mercuri, Delia"]
[Black "Spataro, Enrico"]
[Result "0-1"]
[WhiteElo "1463"]
[BlackElo "1799"]
[PlyCount "72"]
[EventDate "2007.11.01"]

1. e4 c5 2. c3 d5 3. exd5 Qxd5 4. Nf3 Nf6 5. d4 cxd4 6. Qxd4 e6 7. Bc4 Qxd4 8.
Nxd4 a6 9. O-O Bd6 10. Be2 O-O 11. Be3 Nbd7 12. Nd2 Nd5 13. Nc4 Nxe3 14. Nxe3
Rb8 15. Nc4 Bc5 16. Nb3 b5 17. Nca5 Bb6 18. Nc6 Rb7 19. Rad1 Nc5 20. Nba5 Rc7
21. Bf3 Nb7 22. b4 Nxa5 23. bxa5 Bc5 24. Nb4 Bxb4 25. cxb4 Bb7 26. Bxb7 Rxb7
27. Rd6 Ra8 28. Rfd1 Kf8 29. Rd8+ Rxd8 30. Rxd8+ Ke7 31. Rc8 Rd7 32. g3 Rd6 33.
Rc7+ Ke8 34. Kg2 h5 35. Kf3 g6 36. h4 Rd4 0-1

[Event "I Festival"]
[Site "Locri ITA"]
[Date "2007.11.03"]
[Round "5"]
[White "Napoli, Nicolo'"]
[Black "Bentivegna, Francesco"]
[Result "1/2-1/2"]
[WhiteElo "2278"]
[BlackElo "2330"]
[PlyCount "31"]
[EventDate "2007.11.01"]

1. e4 c5 2. Nf3 Nc6 3. c3 e6 4. d4 d5 5. e5 Bd7 6. Bd3 Qb6 7. O-O cxd4 8. cxd4
Nxd4 9. Nxd4 Qxd4 10. Nc3 a6 11. Re1 Ne7 12. Be3 Qxe5 13. Na4 Nc6 14. f4 Qd6
15. f5 d4 16. Nb6 1/2-1/2

[Event "I Festival"]
[Site "Locri ITA"]
[Date "2007.11.03"]
[Round "5"]
[White "Piankov, Evgenij"]
[Black "Aleksic, Nenad"]
[Result "1/2-1/2"]
[WhiteElo "2346"]
[BlackElo "2368"]
[PlyCount "57"]
[EventDate "2007.11.01"]

1. d4 Nf6 2. Nf3 b6 3. Bg5 Bb7 4. Nbd2 e6 5. e3 Be7 6. c3 c5 7. Bd3 Nc6 8. O-O
O-O 9. Rc1 cxd4 10. cxd4 Nb4 11. Bb1 Ba6 12. Re1 Nd3 13. Bxd3 Bxd3 14. Ne5 Ba6
15. Qa4 Bc8 16. Rc2 Nd5 17. Bxe7 Qxe7 18. a3 f6 19. Nd3 f5 20. Nb4 Bb7 21. Nf3
Nxb4 22. Qxb4 Qxb4 23. axb4 Bxf3 24. gxf3 Rfc8 25. Rec1 Rxc2 26. Rxc2 Kf7 27.
Kg2 Ke7 28. Kg3 a5 29. bxa5 1/2-1/2

[Event "I Festival"]
[Site "Locri ITA"]
[Date "2007.11.03"]
[Round "5"]
[White "Piccoli, Vincenzo"]
[Black "Blasco, Domenico"]
[Result "1-0"]
[WhiteElo "1823"]
[BlackElo "1969"]
[PlyCount "77"]
[EventDate "2007.11.01"]

1. e4 g6 2. d4 Bg7 3. Nc3 d6 4. Bg5 h6 5. Bh4 a6 6. f4 b5 7. a3 Nd7 8. Nf3 Bb7
9. e5 c5 10. e6 fxe6 11. Bd3 Kf7 12. O-O cxd4 13. Ne5+ dxe5 14. fxe5+ Ngf6 15.
exf6 exf6 16. Ne4 Bxe4 17. Bxe4 Rc8 18. Qd3 Ne5 19. Qe2 Rf8 20. Bb7 Rc5 21. b4
d3 22. cxd3 Rc7 23. Bxa6 Qd5 24. Bg3 f5 25. Rfe1 Nxd3 26. Rad1 Rd7 27. Rxd3
Bd4+ 28. Kh1 Ra8 29. Rxd4 Qxd4 30. Qxe6+ Kf8 31. Bxb5 Rd5 32. Be8 Ra7 33. Qxg6
Re7 34. Rxe7 Kxe7 35. Qf7+ Kd8 36. h3 Qe4 37. Ba4 f4 38. Bxf4 Qc4 39. Qf8# 1-0

[Event "I Festival"]
[Site "Locri ITA"]
[Date "2007.11.03"]
[Round "5"]
[White "Romeo, Caterina"]
[Black "Zavaglia, Giuseppe"]
[Result "0-1"]
[WhiteElo "1503"]
[BlackElo "1904"]
[PlyCount "78"]
[EventDate "2007.11.01"]

1. c4 b6 2. d3 e6 3. Nc3 Bb7 4. e4 Bb4 5. Bd2 Nh6 6. Bxh6 gxh6 7. Qh5 Qf6 8.
Nge2 Na6 9. e5 Qg7 10. f3 O-O-O 11. O-O-O f5 12. exf6 Qxf6 13. Ne4 Qg6 14. Qh4
Rde8 15. Nf4 Qg7 16. d4 Be7 17. Qf2 Rhf8 18. Qe3 Bd8 19. Kb1 d5 20. Nf2 Bg5 21.
Nxe6 Qg6+ 22. Qd3 Qxd3+ 23. Bxd3 Rxe6 24. Ng4 Nb4 25. Bxh7 dxc4 26. a3 Nd5 27.
Ne5 c3 28. Rhe1 Bd2 29. Re2 Ba6 30. Rexd2 cxd2 31. Rxd2 c5 32. Be4 Ne3 33. Ng6
Rd8 34. Nf4 Red6 35. b4 cxb4 36. axb4 Rxd4 37. Rb2 Rd1+ 38. Ka2 Bc4+ 39. Rb3
R1d2+ 0-1

[Event "I Festival"]
[Site "Locri ITA"]
[Date "2007.11.03"]
[Round "5"]
[White "Zampaglione, Davide"]
[Black "Valotta, Massimiliano"]
[Result "0-1"]
[WhiteElo "1491"]
[BlackElo "1908"]
[PlyCount "39"]
[EventDate "2007.11.01"]

1. e4 c5 2. Nf3 Nc6 3. Bb5 a6 4. Bc4 e6 5. d4 d5 6. exd5 exd5 7. Qe2+ Be6 8.
Bd3 Qa5+ 9. Nc3 cxd4 10. Nxd4 Nxd4 11. Qe3 Bc5 12. Qe5 f6 13. Qg3 Kf7 14. a3
Ne7 15. O-O Ndf5 16. Qf3 Nd4 17. Qg3 Nef5 18. Bxf5 Bxf5 19. Re1 Nxc2 20. Qf3
0-1

[Event "I Festival"]
[Site "Locri ITA"]
[Date "2007.11.03"]
[Round "5"]
[White "Zampaglione, Francesco"]
[Black "Alvaro, Francesco"]
[Result "0-1"]
[WhiteElo "1419"]
[BlackElo "1449"]
[PlyCount "108"]
[EventDate "2007.11.01"]

1. e4 e5 2. Nf3 Nc6 3. Bb5 a6 4. Bxc6 dxc6 5. d4 Bg4 6. Be3 exd4 7. Qxd4 Bxf3
8. Qxd8+ Rxd8 9. gxf3 Nf6 10. Nc3 Bb4 11. Bd2 O-O 12. O-O-O Rfe8 13. a3 Bf8 14.
Bf4 Bd6 15. Bg3 Nh5 16. Ne2 b5 17. Nd4 c5 18. Nf5 Nxg3 19. fxg3 g6 20. Nxd6
cxd6 21. Rd2 Re6 22. Rhd1 f6 23. f4 Kf7 24. f5 Rxe4 25. fxg6+ hxg6 26. Rxd6
Rxd6 27. Rxd6 Re6 28. Rxe6 Kxe6 29. Kd2 Ke5 30. Ke3 a5 31. h4 f5 32. b3 a4 33.
bxa4 bxa4 34. c4 Kf6 35. Kf4 Kg7 36. Ke5 Kh6 37. Kd5 Kh5 38. Kxc5 Kg4 39. Kb5
Kxg3 40. c5 f4 41. c6 f3 42. c7 f2 43. c8=Q f1=Q+ 44. Qc4 Qxc4+ 45. Kxc4 Kxh4
46. Kb4 g5 47. Kxa4 g4 48. Kb5 g3 49. a4 g2 50. a5 g1=Q 51. a6 Qg8 52. Kb6 Qa8
53. a7 Kg5 54. Ka6 Kf6 0-1

[Event "I Festival"]
[Site "Locri ITA"]
[Date "2007.11.04"]
[Round "6"]
[White "Aleksic, Nenad"]
[Black "Ljubisavljevic, Zivojin Z."]
[Result "1-0"]
[WhiteElo "2368"]
[BlackElo "2319"]
[PlyCount "79"]
[EventDate "2007.11.01"]

1. e4 Nc6 2. Nf3 d6 3. d4 Bg4 4. Bb5 a6 5. Bxc6+ bxc6 6. Nc3 Nf6 7. h3 Bxf3 8.
Qxf3 e6 9. e5 Nd5 10. O-O Be7 11. Ne4 O-O 12. b3 a5 13. Rd1 a4 14. Bb2 a3 15.
Bc1 Kh8 16. c4 Nb4 17. Nc3 Nc2 18. Rb1 dxe5 19. dxe5 Nd4 20. Qe4 c5 21. Be3 f5
22. exf6 Bxf6 23. Nb5 Qe7 24. Nxd4 cxd4 25. Bxd4 Bxd4 26. Rxd4 Ra5 27. Re1 Raf5
28. Re2 h6 29. Rdd2 e5 30. Rd5 Qf6 31. f3 Re8 32. Qe3 c6 33. Rd7 e4 34. Qd4
Rfe5 35. fxe4 c5 36. Qf2 Qg6 37. Qf7 Qxf7 38. Rxf7 Rxe4 39. Rxe4 Rxe4 40. Ra7
1-0